Bank finance for rural development (Record no. 349502)

000 -LEADER
fixed length control field 00368cam a22001337a 4500
008 - FIXED-LENGTH DATA ELEMENTS--GENERAL INFORMATION
fixed length control field 180718b1986 xxu||||| |||| 00| 0 eng d
082 ## - DEWEY DECIMAL CLASSIFICATION NUMBER
Classification number T42x54 N143
245 ## - TITLE STATEMENT
Title Bank finance for rural development
Statement of responsibility, etc. edited by L.K. Naidu
260 ## - PUBLICATION, DISTRIBUTION, ETC.
Place of publication, distribution, etc. Delhi
Name of publisher, distributor, etc. Ashish
Date of publication, distribution, etc. 1986
300 ## - PHYSICAL DESCRIPTION
Extent 388p.
650 ## - SUBJECT ADDED ENTRY--TOPICAL TERM
Topical term or geographic name entry element Rural development - India
650 ## - SUBJECT ADDED ENTRY--TOPICAL TERM
Topical term or geographic name entry element Banks - India
700 ## - ADDED ENTRY--PERSONAL NAME
Personal name Naidu, L.K.
Holdings
Withdrawn status Lost status Damaged status Not for loan Permanent Location Current Location Date acquired Full call number Barcode Date last seen Price effective from Koha item type
        Indian Institute of Public Administration Indian Institute of Public Administration 1993-11-01 T42x54 N143 61708 2018-07-21 2018-07-21 Book

Powered by Koha